| 000 | 00503nam a2200157 i 4500 | ||
|---|---|---|---|
| 001 | 81673 | ||
| 003 | ES-MaACL | ||
| 007 | t| | ||
| 008 | 041105s1918 fr ||||1| fre d | ||
| 100 | 1 |
_aHulewicz, Anne de. _964687 |
|
| 245 | 1 | 4 |
_aLa femme polonaise _b: esquisse historique / _cHalka Ducraine (seud.) ; préface par Henry Bidou. |
| 260 |
_aParis : _bPerrin et Cie, _c1918 ( _eEvreux : _fCh. Herissey) |
||
| 300 |
_aVII, 277 p. ; _c19 cm. |
||
| 700 | 1 |
_aBidou, Henry. _928793 |
|
| 852 |
_aES-MaACL _jG-3473 |
||
| 999 |
_c81673 _d81673 |
||